Statistics for Ive Songs by the Lyrics

Click here to take the quiz!

General Stats

  • This quiz has been taken 44 times
  • The average score is 7 of 9

Answer Stats

LyricsAnswer% Correct
‘So that is who I am’I AM
100%
‘You and I It’s more than ‘Like’After Like
98%
‘Narcissistic, my god, I love it’Love Dive
93%
‘One, two, three, four, five, six, seven..you are making me..’ELEVEN
89%
‘Yeah, what’s your blood type, Oh you? I’m blue’Blue Blood
86%
‘Cause you know, I’m a royal, royal’Royal
84%
‘It‘s our time…oh what a good time’Kitsch
75%
‘Making you mine, making you mine’
‘Lock in my mind, lock in my mind’
Mine
50%
‘It’s okay to repeat..It’s okay to dream..’I WANT
45%

Score Distribution

Percentile by Number Answered

Percent of People with Each Score

Your Score History

You have not taken this quiz